Horror Movie Trivia - Statistics

General Stats
  • This quiz has been taken 193 times
  • The average score is 8 of 15
Answer Stats
Question Answer % Correct
Whats your Favorite Scary Movie Scream
94%
Traps Saw
87%
No one can hear you Scream in Space Alien
69%
You can't Cheat Death Final Destination
68%
Burnt Dreams Nightmare on Elm Street
64%
Captain Kirk Mask Halloween
61%
Face Mask Cannibals Texas Chainsaw Massacre
61%
Evil Midget obsessed with coins Leprechaun
60%
Couple helps with Exorcisms and Possessions The Conjuring
60%
Goal Keeper Friday the 13th
45%
Billy on Christmas Black Christmas
42%
Phone Call The Ring
41%
Evil Clown Doll Poltergeist
36%
Lamb Mask You're Next
31%
Don't Scream Dead Silence
13%
No matching quizzes found
Score Distribution
Percent of People with Each Score
Percentile by Number Answered
Your Score History
You have not taken this quiz